Aplikované etiky 1

Podrobná bibliografia
Hlavní autori: Fobel, Pavel, 1953-2023 (Autor, Zostavovateľ, kompilátor), Hajduk, Ľudovít, 1971- (Autor), Fobelová, Daniela, 1954- (Autor), Kovaľová, Daniela, 1954- (Autor)
Médium: Kniha
Jazyk:slovenčina
Fyzický popis:161 s. 21 cm
Vydavateľské údaje: Banská Bystrica Univerzita Mateja Bela 2000
ISBN:8080554013
Predmet:

MARC

LEADER 00000cam a2200000 a 4500
001 vtls001407913
003 SK-MaSNL
005 20260426014354.0
008 240226s2000 xo frp 00 0 slo
015 |a SNBA2001/05-01591 
020 |a 8080554013 
035 |a SNK000362575 
035 |a urn:nbn:sk:snk-amk3q9 
035 |a urn:nbn:sk:snk-am005d72 
035 |a 8EC21F4C-23A8-429C-9570-F557B3156F6B 
040 |a SNK  |b slo  |c SNK  |e AACR2 
041 0 |a slo 
044 |a xo  |c SK 
080 |a 17(075.8)  |2 1981 
100 1 |a Fobel, Pavel,  |d 1953-2023  |4 aut  |4 com  |9 135482 
245 1 |a Aplikované etiky  |n 1  |c Pavel Fobel a kol. 
260 |a Banská Bystrica  |b Univerzita Mateja Bela  |c 2000 
300 |a 161 s.  |c 21 cm 
366 |e 200 výtl. 
504 |a Bibliogr. odkazy 
650 0 7 |a etika  |2 SNKPH  |9 792 
650 0 7 |a aplikovaná etika  |2 SNKPH  |9 68585 
650 0 7 |a filozofia  |2 SNKPH  |9 793 
655 7 |a učebnice vysokých škôl  |2 SNKPH  |9 70191 
700 1 |a Hajduk, Ľudovít,  |d 1971-  |4 aut  |9 209921 
700 1 |a Fobelová, Daniela,  |d 1954-  |4 aut  |9 204691 
700 1 |a Kovaľová, Daniela,  |d 1954-  |4 aut  |9 22922 
852 |a Slovenská národná knižnica 
919 |a 80-8055-401-3 
958 |a TL 
958 |a UV 
958 |a OND 
999 |c 1155062  |d 1156992 
952 |t P60, <03>, [BOOK], {603}  |a SNK  |b SNK  |y PREZ  |7 0  |p 17A0292048  |o snkSC 104149/1  |i snkKSP 3049/2001  |0 0  |1 0  |4 0  |d 2001-02-27  |f 1  |l 0  |r 2025-09-25 00:00:00  |w 2026-02-24 
952 |t P60, <04>, [BOOK], {604}  |a SNK  |b SNK  |y VYP  |7 0  |p 17A0292049  |o snkSC 104149/1 D1  |i snkKSP 3050/2001  |0 0  |1 0  |4 0  |d 2001-02-27  |l 0  |r 2005-01-02 00:00:00  |w 2026-02-24